| 000 | 00583nam a2200169 a 4500 | ||
|---|---|---|---|
| 020 | _a2709907208 : | ||
| 040 | _cDLC | ||
| 082 | 0 | 0 | _a307 EDI 1984 A072 Or. |
| 245 | 0 | 3 |
_aLe Développement rural en questions : _bpaysages, espaces ruraux, systèmes agraires : Maghreb, Afrique noire, Mélanésie / |
| 260 |
_aParis : _bEditions de l' ORSTOM, _c1984. |
||
| 300 |
_axiv, 505 p., [2] folded leaves of plates : _bill. ; _c24 cm. |
||
| 490 | 1 | _aCollections Mémoires ; | |
| 500 | _aSummaries in English. | ||
| 650 | 0 | _aRural development | |
| 700 | 2 | _aBlanc-Pamard, Chantal. | |
| 942 | _cEK | ||
| 999 |
_c14898 _d14898 |
||